National Anthems - Statistics

General Stats
  • This quiz has been taken 44 times
  • The average score is 35 of 40
Answer Stats
Hint Extra Hint Answer % Correct
United Kingdom (UK) Starts with "G" and ends with "N" or "G" God Save the Queen / God Save the King
97%
Germany Has the German word for "German" in its name Deutschlandlied
91%
Italy Starts and ends with "I" Il Canto Degli Italiani
91%
Poland Starts with "M" and ends with "GO" Mazurek Dabrowskiego
91%
Ukraine Starts with "SH" and ends in "Y" Shche Ne Vmeria Ukrainy
91%
Ireland Second letter is "M" and last letter is "N" Amhran Na Bhfiann
89%
Portugal Has the first 3 letters of the country in its name A Portuguesa
89%
Serbia Starts with "B" and ends in "E" Bože pravde (God of Justice)
89%
Latvia Starts with "D" and ends with "U" Dievs, svētī Latviju
89%
Israel Starts and ends with "H" Hatikvah
89%
Mexico Has the first 3 letters of the country in its name Himno Nacional Mexicano
89%
Monaco Has the first 3 letters of the country in its name Hymne Monegasque
89%
Japan Ends with "YO" Kimi Ga Yo
89%
Austria First and fourth word is "LAND" Land der Berge Land am Strome
89%
France First word in its name is "LE" and the last two letters are "S & E" Le Marseillaise
89%
Kazakhstan First 2 letters are "M & E" and there's a "Q" in its name Menin Qazaqstanim
89%
Mongolia Has the first 3 letters of the country in its name Mongol Ulsiin Turiin Duulal
89%
Canada Has the name of the country in its name O Canada
89%
Luxembourg Starts with "ON" and ends with "T" Ons Heemecht
89%
Switzerland Ends with "M" and starts with "S" Schweizerpsalm
89%
United States (USA) Has a word that is missing in the song title "Twinkle Twinkle Little ___" in its name Star Spangled Banner
89%
Lithuania Starts with "T" and has a "G" in its name Tautiška giesmė (National Song)
89%
Slovenia Starts with "Z" and ends with "A" Zdravljica
89%
South Korea Has the letters "A & E" next to each other Aeguka
86%
Sweden The letters "DU" appear 2 times in its name Du Gamla Du Fria
86%
Albania Ends with the word "IT" and starts with "H" Himni i Flamurit
86%
Argentina Has the first 3 letters of the country in its name Himno Nacional Argentino
86%
Brazil Has the first 3 letters of the country in its name Hino Nacional Brasileiro
86%
Czechia / Czech Republic Second letter is "D" and it starts with "K" Kde Domov Muj / Ceska Hymna
86%
Spain The last four letters in its name are "R,E,A,L" La Marcha Real
86%
Croatia First letter is "L" and the third letter is "J" Lijepa naša domovino" (Our Beautiful Homeland)
86%
Iceland First letter is "L" and the third letter is "F" Lofsongur
86%
Estonia Second letter is "U" and the first and last letter is "M" Mu isamaa, mu õnn ja rõõm
86%
Slovakia Starts with "N" and ends with "A" Nad Tatrou sa blýska
86%
Liechtenstein First lettter is "O" and second letter is "B" Oben am Jungen Rhein
86%
Netherlands Ends with "S" and has the letter "W" in its name Het Wilhelmus
83%
Norway Starts with "J" and ends with "T" Ja Vi Elsker Dette Landet
83%
China Starts with "Y" and the second word in its name ends with "U" in its native language March of the Volunteers / Yìyǒngjūn Jìnxíngqǔ
83%
Belgium The first letter of the "second word" in its name is "B" La Brabanconne
74%
Finland Has double consecutive "A's" in its name and it starts with "M" Maamme
71%
No matching quizzes found
Score Distribution
Percent of People with Each Score
Percentile by Number Answered
Your Score History
You have not taken this quiz